000
00297nam a2200121Ia 4500
008
190216s9999||||xx |||||||||||||| ||und||
100
_a
"Venugopalan K,Basheer V"
245
0
_a
Indian Financial System
260
_b
University Of Calicut
_c
2008
300
_a
296
650
_a
Commerce
942
_c
BK
999
_c
7537
_d
7537